<?xml version="1.0" encoding="UTF-8"?>
<marc:record xmlns:marc="http://www.loc.gov/MARC21/slim">
   <marc:leader>00000nam a2200000 a 4500</marc:leader>
   <marc:datafield ind1="1" ind2=" " tag="100">
      <marc:subfield code="a">Hofer, Peter</marc:subfield>
      <marc:subfield code="4">aut</marc:subfield>
      <marc:subfield code="e">Verfasser/-in</marc:subfield>
   </marc:datafield>
   <marc:datafield ind1=" " ind2=" " tag="653">
      <marc:subfield code="a">Sozialisation</marc:subfield>
   </marc:datafield>
   <marc:datafield ind1=" " ind2=" " tag="653">
      <marc:subfield code="a">Krisenbewältigung</marc:subfield>
   </marc:datafield>
   <marc:datafield ind1=" " ind2=" " tag="653">
      <marc:subfield code="a">Ressourcenentwicklung</marc:subfield>
   </marc:datafield>
   <marc:datafield ind1=" " ind2=" " tag="653">
      <marc:subfield code="a">Persönlichkeit</marc:subfield>
   </marc:datafield>
   <marc:datafield ind1=" " ind2=" " tag="653">
      <marc:subfield code="a">Forschung</marc:subfield>
   </marc:datafield>
   <marc:datafield ind1="0" ind2="0" tag="245">
      <marc:subfield code="a">Krisenbewältigung und Ressourcenentwicklung</marc:subfield>
   </marc:datafield>
   <marc:datafield ind1="0" ind2="0" tag="245">
      <marc:subfield code="b">Kritische Lebenserfahrungen und ihr Beitrag zur Entwicklung von Persönlichkeit</marc:subfield>
   </marc:datafield>
   <marc:datafield ind1="0" ind2="0" tag="245">
      <marc:subfield code="c">Peter Hofer</marc:subfield>
   </marc:datafield>
   <marc:datafield ind1=" " ind2="1" tag="264">
      <marc:subfield code="a">Wiesbaden</marc:subfield>
      <marc:subfield code="b">Springer VS</marc:subfield>
      <marc:subfield code="c">2017</marc:subfield>
   </marc:datafield>
   <marc:datafield ind1=" " ind2=" " tag="250">
      <marc:subfield code="a">2. Aufl.</marc:subfield>
   </marc:datafield>
   <marc:datafield ind1="1" ind2=" " tag="520">
      <marc:subfield code="a">Peter Hofer beschäftigt sich mit den Zusammenhängen zwischen kritischen Lebenserfahrungen, soziokulturellen Kontexten und der Entwicklung von persönlichen Ressourcen und Resilienzfaktoren. Ausführlich legt er in einer Vielzahl von Beispielen im Rahmen von Fallstudien dar, wie ausgeprägte Wahrnehmungssensibilität, differenzierte Selbstreflexionskompetenz und individuelle Strategien zur Bewältigung krisenhafter Ereignisse entstehen und wie sich soziokulturelle Einflüsse auf den Biografieverlauf und die Entwicklung von Persönlichkeit auswirken. Eine interdisziplinäre Arbeit, die großen Wert auf gut nachvollziehbares methodisches Vorgehen legt und in der es gelingt, komplexe biografische Entwicklungszusammenhänge differenziert und übersichtlich herauszuarbeiten.##Der Inhalt##&gt; Einflüsse soziokultureller Kontexte auf persönliche Entwicklungs- und Verhaltensweisen#&gt; Krisenerleben, Krisenbewältigung und die Entwicklung persönlicher Ressourcen#&gt; Qualitative Biografieforschung: Einzelfallstudien und übergreifende Fallanalysen##Die Zielgruppen##&gt; Dozierende und Studierende aus den Bereichen Psychiatrie, Psychotherapie, Psychologie, Soziologie, Pädagogik und Kulturwissenschaften#&gt; Praktiker/innen aus dieses Bereichen</marc:subfield>
   </marc:datafield>
   <marc:datafield ind1=" " ind2=" " tag="020">
      <marc:subfield code="a">978365815484</marc:subfield>
      <marc:subfield code="9">978365815484</marc:subfield>
   </marc:datafield>
   <marc:datafield ind1=" " ind2=" " tag="300">
      <marc:subfield code="a">536</marc:subfield>
   </marc:datafield>
</marc:record>
